Longest World Capital Names (with a map) - Statistics

General Stats
  • This quiz has been taken 124 times
  • The average score is 188 of 196
Answers on the Map
Answers color-coded by a green-red scale on the quiz's map according to % correct below.
 
Answer Stats
capital % Correct
x
100%
x
99%
x
98%
x
95%
x
94%
x
93%
x
92%
x
91%
x
89%
Buenos Aires
88%
Ulaanbaatar
87%
x
87%
x
85%
x
82%
Port-au-Prince
81%
x
81%
Tegucigalpa
80%
x
80%
Andorra la Vella
79%
Antananarivo
79%
Guatemala City
78%
Port Moresby
76%
Ouagadougou
75%
Santo Domingo
74%
Yamoussoukro
72%
Bandar Seri Begawan
71%
Brazzaville
71%
Port-of-Spain
71%
San Salvador
69%
Bloemfontein
68%
Vatican City
67%
Kuala Lumpur
56%
South Tarawa
54%
Saint George's
52%
Sri Jayawardenapura Kotte
47%
No matching quizzes found
Score Distribution
Percent of People with Each Score
Percentile by Number Answered
Your Score History
You have not taken this quiz